000 00726nam a22002297a 4500
999 _c6235
_d6235
003 AR-CdUCM
008 190314b ||||| |||| 00| 0 spa d
040 _aMUNICIPALIDAD PROVINCIAL DEL CUSCO
_cBIBLIOTECA MUNICIPAL DEL CUSCO
082 _a869.56 /
_bU42
100 _aAriansen, Catalina
_917964
245 _aPoesía nueva de Ayacucho /
260 _aHuamanga :
_bUniversidad nacional de San Cristobal de Huamanga.
_c1971.
300 _a59 páginas ;
_c21 cm.
440 _aTenorio, Victor
_917965
500 _aDonación familia Nieto
505 _aContenido: Poesía ayacuchana.
650 _aPoesía ayacuchana
_917966
650 _aHuamanga
_913243
650 _aPerú
_935
942 _2ddc
_cLIBROS
945 _adavv